000 01060nam a2200277Ia 4500
003 OSt
005 20221005104554.0
006 a|||||r|||| 00| 0
007 ta
008 221004b |||||||| |||| 00| 0 hin d
020 _a9789350643853 (pbk)
_cINR 125.00
024 _a41512
037 _b284, 15/02/2019, Eastern Book Linkers
_cTextual
040 _aCRL
_cCRL
_bhin
041 _2hin
_ahin
082 _aO168,1N19w, 152Q6
100 _aपंडित, प्रकाश, संपा.
245 0 _aकतील शिफाई
246 _aKatīl shifāī
260 _aदिल्ली
_bराजपाल एन्ड सन्ज भारत
_c2016
490 _aलोकप्रिय शायर और उनकी शायरी
650 _a हिन्दी साहित्य
650 _aहिन्दी कविता
942 _hO168,1N19w, 152Q6
_cTEXL
_2cc
999 _c1013132
_d1013132